Một chặng đường làm báo

Đã lưu trong:
书目详细资料
主要作者: Trần Đình Bá
格式: 图书
语言:Undetermined
出版: Hà Nội Thanh Niên 1999
主题:
标签: 添加标签
没有标签, 成为第一个标记此记录!
Thư viện lưu trữ: Trung tâm Học liệu Trường Đại học Cần Thơ
LEADER 00482nam a2200169Ia 4500
001 CTU_35845
008 210402s9999 xx 000 0 und d
082 |a 895.9228 
082 |b B100 
100 |a Trần Đình Bá 
245 0 |a Một chặng đường làm báo 
245 0 |c Trần Đình Bá 
260 |a Hà Nội 
260 |b Thanh Niên 
260 |c 1999 
650 |a vietnamese literature 
980 |a Trung tâm Học liệu Trường Đại học Cần Thơ